Основы программирования: учебник и практикум для прикладного бакалавриата

Bibliographische Detailangaben
1. Verfasser: Черпаков И. В. Игорь Владимирович
Körperschaft: Финансовый университет при Правительстве Российской Федерации
Zusammenfassung:Задача этой книги — изложить элементы теории алгоритмов и основы программирования в рамках относительно несложной для изучения системы PascalABC.NET <http://PascalABC.NET>. Книга содержит значительное количество справочного материала, большое число примеров, в том числе и экономической направленности. Рассмотрены основные структуры данных и технологии структурного про­граммирования. В конце глав приведены тестовые задания и нетривиаль­ные задачи для самостоятельного решения. Отдельное место в книге занимает описание технологии объектно-ори­ентированного программирования с использованием .NET: рассмотрены основные понятия объектно-ориентированного подхода, работа с динами­ческими массивами, обработка исключений. Соответствует актуальным требованиям Федерального государствен­ного образовательного стандарта высшего образования..
Sprache:Russisch
Veröffentlicht: Москва, Юрайт, 2016
Schriftenreihe:Бакалавр. Прикладной курс
Schlagworte:
Format: MixedMaterials Buch
KOHA link:https://koha.lib.tpu.ru/cgi-bin/koha/opac-detail.pl?biblionumber=301972

MARC

LEADER 00000nam0a2200000 4500
001 301972
005 20231102001444.0
010 |a 9785991657433 
035 |a (RuTPU)RU\TPU\book\327167 
090 |a 301972 
100 |a 20150818d2016 m y0rusy50 ca 
101 0 |a rus 
102 |a RU 
105 |a y j 001zy 
200 1 |a Основы программирования  |e учебник и практикум для прикладного бакалавриата  |f И. В. Черпаков  |g Финансовый университет при Правительстве Российской Федерации 
210 |a Москва  |c Юрайт  |d 2016 
215 |a 219 с. 
225 1 |a Бакалавр. Прикладной курс 
320 |a Библиогр.: с. 207-208. 
320 |a Алфавитный указатель: с. 216-219. 
330 |a Задача этой книги — изложить элементы теории алгоритмов и основы программирования в рамках относительно несложной для изучения системы PascalABC.NET <http://PascalABC.NET>. Книга содержит значительное количество справочного материала, большое число примеров, в том числе и экономической направленности. Рассмотрены основные структуры данных и технологии структурного про­граммирования. В конце глав приведены тестовые задания и нетривиаль­ные задачи для самостоятельного решения. Отдельное место в книге занимает описание технологии объектно-ори­ентированного программирования с использованием .NET: рассмотрены основные понятия объектно-ориентированного подхода, работа с динами­ческими массивами, обработка исключений. Соответствует актуальным требованиям Федерального государствен­ного образовательного стандарта высшего образования.. 
452 1 |0 (RuTPU)RU\TPU\book\328037  |y 978-5-9916-5743-3  |t Основы программирования  |o учебник и практикум для прикладного бакалавриата  |f И. В. Черпаков  |c Москва  |n Юрайт  |d 2016  |p 1 Мультимедиа CD-ROM  |s Электронные учебники издательства "Юрайт"  |a Черпаков, Игорь Владимирович 
606 1 |a Программирование  |2 stltpush  |3 (RuTPU)RU\TPU\subj\51780  |9 70345 
610 1 |a алгоритмы 
610 1 |a алгоритмические структуры 
610 1 |a языки программирования 
610 1 |a Pascal 
610 1 |a программы 
610 1 |a описание 
610 1 |a алгоритмические конструкции 
610 1 |a реализация 
610 1 |a арифметические выражения 
610 1 |a логические выражения 
610 1 |a данные 
610 1 |a структурированные типы 
610 1 |a файлы 
610 1 |a подпрограммы 
610 1 |a указатели 
610 1 |a объектно-ориентированное программирование 
610 1 |a теория 
610 1 |a тесты 
610 1 |a контрольные вопросы 
610 1 |a задания 
610 1 |a самостоятельные решения 
610 1 |a ответы 
610 1 |a учебники 
675 |a 004.42(075.8)  |v 4 
700 1 |a Черпаков  |b И. В.  |g Игорь Владимирович 
712 0 2 |a Финансовый университет при Правительстве Российской Федерации  |c (Москва)  |c (2010- )  |2 stltpush  |3 (RuTPU)RU\TPU\col\17114  |9 26530 
801 1 |a RU  |b 63413507  |c 20150818 
801 2 |a RU  |b 63413507  |c 20151006  |g RCR 
900 |a Программирование 
942 |c BK 
951 |l 8.1 
959 |a 80/20150602  |d 5  |e 349,00  |f ЧЗТЛ:1  |f УФ:4